Exploring the application of benefit/cost methodologies to transportation infrastructure decision making (Record no. 543226)
[ view plain ]
| 000 -LEADER | |
|---|---|
| fixed length control field | 00507nam a22001337a 4500 |
| 082 ## - DEWEY DECIMAL CLASSIFICATION NUMBER | |
| Classification number | 388.112 |
| Author Mark | EXP |
| -- | D |
| 110 ## - MAIN ENTRY--CORPORATE NAME | |
| Corporate name or jurisdiction name as entry element | U.S. Department of Transportation |
| 9 (RLIN) | 38592 |
| 245 ## - TITLE STATEMENT | |
| Title | Exploring the application of benefit/cost methodologies to transportation infrastructure decision making |
| Statement of responsibility, etc. | U.S. Department of Transportation |
| 260 ## - PUBLICATION, DISTRIBUTION, ETC. | |
| Place of publication, distribution, etc. | Washington D.C: |
| Date of publication, distribution, etc. | July 1996. |
| Name of publisher, distributor, etc. | The world bank, |
| 300 ## - PHYSICAL DESCRIPTION | |
| Extent | xv, B11 p. : |
| Other physical details | ill, : |
| Dimensions | 28 cm. |
| 526 ## - STUDY PROGRAM INFORMATION NOTE | |
| Program name | 0 |
| Interest level | 0 |
| Reading level | 0 |
| Title point value | 388_112000000000000_EXP |
| 650 ## - SUBJECT ADDED ENTRY--TOPICAL TERM | |
| Topical term or geographic name entry element | MCE |
| 9 (RLIN) | 379 |
| 942 ## - ADDED ENTRY ELEMENTS (KOHA) | |
| Source of classification or shelving scheme | |
| Koha item type | Book |
| Withdrawn status | Lost status | Source of classification or shelving scheme | Damaged status | Not for loan | Permanent Location | Current Location | Date acquired | Total Checkouts | Full call number | Barcode | Date last seen | Price effective from | Koha item type |
|---|---|---|---|---|---|---|---|---|---|---|---|---|---|
| Military College of Engineering (MCE) | Military College of Engineering (MCE) | 03/18/2014 | 388.112 EXP | MCE-41963 | 03/18/2014 | 03/18/2014 | Book |
